000 00556nam a2200133Ia 4500
008 231221s9999 xx 000 0 und d
041 _aEnglish
082 _aJNEC17-1527
100 _aPurushotham, U.
245 0 _aAdaptive Spectral Subtraction to improve quality of speech in Mobile Communication
260 _c2017
500 _aECE-54 Int. J. of Communication Networks and Distributed Systems Inderscience Publishers, Vol 18, Nov 2017 Adaptive Spectral Subtraction to improve quality of speech in Mobile Communication Purushotham, U.
942 _cIR
999 _c234725
_d234725